000 00487nam a2200181Ia 4500
003 GCL
008 140319s9999 xx 000 0 eng d
040 _aGCL /
_cGCL
082 0 4 _a840
_bC M
100 1 _aCOMTESSE, DE SEGUR
245 1 0 _aLES MALHEURS DE SOPHIE /
_cCOMTESSE, DE SEGUR
260 _a[S.N] :
_bCERES PRODUCTIONS ،
_c1991
300 _a177 PP
490 _aLA PETITE BIBLIOTHEQUE SCOLAIRE
_v0
650 0 4 _aLITERATURE
650 0 4 _aFRENCH LITERATURE
942 _2ddc
_cBK
999 _c20589
_d20589